000 00589nam a2200229Ia 4500
003 OSt
005 20221007074853.0
006 a|||||r|||| 00| 0
007 ta
008 221006b |||||||| |||| 00| 0 eng d
024 _a14,646
037 _cTextual
040 _aFLL
_cFLL
_beng
041 _2eng
_aeng
082 _aX:75.2.N6, L6
100 _aDhar D.P.
245 0 _aPlanning and social change
260 _aNew Delhi
_bArnold-Heinemann India
_c1976
300 _a210p
_ccm.
942 _hX:75.2.N6, L6
_cTEXL
_2CC
999 _c1153975
_d1153975